000 00854nam a2200253Ia 4500
003 OSt
005 20221005112033.0
006 a|||||r|||| 00| 0
007 ta
008 221004b |||||||| |||| 00| 0 hin d
024 _a35165
037 _cTextual
040 _aCRL
_cCRL
_bhin
041 _2hin
_ahin
082 _aO15v, 152L3
100 _aउपाध्याय, बलदेव
245 0 _aसंस्कृत साहित्य का इतिहास
246 _aSanskṛut sāhitya kā itihāsa
260 _aवाराणसी
_bशारदा संस्थान भारत
_c1973
300 _a654पृ0
_ccm.
650 _aसंस्कृत साहित्य
942 _hO15v, 152L3
_cTEXL
_2cc
999 _c1023638
_d1023638